Регионална библиотека "Любен Каравелов" - Русе

Речник на религиите (Запис номер 26920)

MARC детайли
000 -Лидер
Контролно поле с фиксирана дължина 01634nam a2200385 c 4500
003 - Код на организацията, давaща контролен номер
Контролно поле BLK
005 - Дата и час на последна редакция
Контролно поле 20180422095655.0
008 - Елементи от данни с фиксирана дължина
fixed length control field 180413b bul|||||r ||||||| ||bul||
010 ## - Наследен системен номер
LC control number KNG00029481000
020 ## - Международен стандартен номер на книга ISBN
Международен стандартен номер на книга ISBN 954-607-275-3
-- издат.: ЛИК
040 ## - Източник на каталожния запис
Идентификатор на билиотеката - собственик на записа BLK
041 ## - Код за език
Код за езика на текст/звукозапис или на отделно заглавие Български
Код за езика КДБФ Български
080 ## - УДК
Текстов определител УДК Християнска религия
УДК код - определител по УДК 23/28
УДК определител (035)
УДК - код + определител 23/28(035)
080 ## - УДК
Текстов определител УДК Нехристиянски религии. Митология. Различни култове
УДК код - определител по УДК 29
УДК определител (035)
УДК - код + определител 29(035)
100 1# - Редна дума - Автор
Автор Елиаде, Мирча
Авторска отговорност първи автор
R(LIN) 249929
139 ## - Редно поле
Редна дума Елиаде, Мирча и др.
Авторски знак Ели - Е 51
245 10 - Сведения за заглавието
Заглавие Речник на религиите
Редно поле (дума) Мирча Елиаде; съавт. Йон Кулиано; със сътр. на Х. С. Визнер; прев. Доротея Табакова.
257 ## - Страна на издаване
Страна на създаване/издаване Румъния
260 ## - Област на издателските данни
-- София
Име на издателя, разпространителя и проч. ЛИК
Година на издаване 1999
300 ## - Физическа характеристика
Страници 256 с.
Размери/Мащаб 23 см
380 ## - Жанр
Жанр Религия. Теология
490 1# - СЕРИИ (Колекции)
Име на серия Библиотека Тезаурус
500 ## - Общи забележки
Забележка Прев. по Dictionnaire des religions / Mircea Eliade, Joan Couliano. - Офс. изд. - Библиогр. след отд. части.
650 #4 - Допълнително описание по предмет – тема
Основно описание – тема или топоним Религии - енциклопедии, речници и справочници
9 (RLIN) 269003
653 ## - Ключова дума – ненормативна
Ключова дума религии
653 ## - Ключова дума – ненормативна
Ключова дума речници
700 1# - Други автори (авторска отговорност)
Лично име Кулиано, Йон
Автороска отговорност (Описва отношението между автора и произведението) съавт.
9 (RLIN) 269001
700 1# - Други автори (авторска отговорност)
Лично име Визнер, Х. С.
Автороска отговорност (Описва отношението между автора и произведението) със сътр. на
9 (RLIN) 269002
700 1# - Други автори (авторска отговорност)
Лично име Табакова, Доротея
Автороска отговорност (Описва отношението между автора и произведението) прев.
9 (RLIN) 364375
852 ## - Местоположение
Форматна сигнатура Цб 202174
856 4# - Електронен адрес и достъп
Електронен формат pdf - файл
Път до файла /url/
856 4# - Електронен адрес и достъп
Електронен формат pdf - файл
Път до файла /url/
942 ## - АРТИКУЛИ
Вид на библиотечния материал Книги
Скрит в OPAC Не
944 ## - СЪЗДАВАНЕ И РЕДАКЦИЯ на ЗАПИСА
Създаване/Редакция Създаване
Дата на регистрацията/редакция 15.01.2003
Служител, извършил регистрацията/редакцията Кети_Илиева
944 ## - СЪЗДАВАНЕ И РЕДАКЦИЯ на ЗАПИСА
Създаване/Редакция Редакция
Дата на регистрацията/редакция 09.11.2012
Служител, извършил регистрацията/редакцията
999 ## - СИСТЕМНИ КОНТРОЛНИ НОМЕРА
Koha biblionumber 26920
Koha biblioitemnumber 26920
Наличности
Код за отписване Код за изгубен артикул Източник на класификационната схема Код за повреда Коз за рестрикции Код за отдаване Артикулен № Име на библиотеката - собственик Име на библиотеката, в която се намира в момента Статус (Текущо местоположение) Дата на вписване в системата Местоположение - отдел Цена в лева Инвентарен номер Систематично азбучна сигнатура Баркод Номер на екземпляра Цена в евро Служебна бележка Служебен тип на артикула
  Не е изгубен Universal Decimal Classification Не е повреден без рестрикции ползва се в читалня 43606 Регионална библиотека "Любен Каравелов" Русе Регионална библиотека "Любен Каравелов" Русе Читалня 2001-01-01 Читалня 7.00 651655 СЧ 2/Е 51 120000651655 1 3.58 Дост: Pk Вид: Ф N: стар фонд Дата: 01.01.1999 Дата инв: 22.03.2017 Бележки инв: Ч2017 Книги
  Не е изгубен Universal Decimal Classification Не е повреден само за читалня ползва се в читалня 43607 Регионална библиотека "Любен Каравелов" Русе Регионална библиотека "Любен Каравелов" Русе СБИД 2001-01-01 СБИД 0.00 653097 С 2/Е 51 120000653097 2 0.00 Дост: Pk Вид: Ф N: стар фонд Дата: 01.01.1999 Дата инв: 05.06.2017 Бележки инв: С2017 Книги
Vip Innovations Ltd, Rousse, Bulgaria 2025